| 000 | 00443nam a2200181Ia 4500 | ||
|---|---|---|---|
| 001 | 7649 | ||
| 005 | 20260306160510.0 | ||
| 008 | 260306t2009||||xx |||||||||||||| ||spa|| | ||
| 041 | _aESP | ||
| 082 |
_a352.75 _bM42 |
||
| 100 |
_aMendoza, Walter _eAUT |
||
| 245 | 0 |
_aCenso del 2007: _banálisis de temas poblacionales (I) |
|
| 260 | _c2009 | ||
| 300 |
_a60 páginas : _c30 cm. |
||
| 650 | _aGEN | ||
| 654 | _aCAN | ||
| 942 |
_cLIB _dJUS _fJUS _2ddc _n |
||
| 999 |
_c7649 _d7649 |
||